000 00284nam a22001337a 4500
008 171023b xxu||||| |||| 00| 0 eng d
020 _a639785305743
041 _aeng
080 _23 ED
_a311
100 _a55
101 _aSTA
245 _aSTATISTICS
_cLARY.J.S
942 _2udc
_cBK
999 _c35597
_d35597